| 000 | 01017nam a2200193 i 4500 | ||
|---|---|---|---|
| 001 | 86310 | ||
| 003 | ES-MaACL | ||
| 007 | t| | ||
| 008 | 041223s1999 sp ||||1| spa d | ||
| 080 | _a940.2"15/17"(084.42) | ||
| 245 | 0 | 0 |
_aAtlas histórico multimedia _b: . Vol. 4, La Edad Moderna [ _hRecurso electrónico]. |
| 260 |
_a[Madrid?] : _bMediasat España, _c[1999] |
||
| 300 |
_a1 disco compacto (CD-ROM) ; _c12 cm. |
||
| 500 | _aRequisitos del sistema: Pentium, 32 Mb de RAM, Windows 3.1/Windows 95, Lector de CD-ROM 4x, Gráficos 800x600-65.000 colores, Tarjeta de sonido. | ||
| 505 | 8 | _aContiene: El Emperador Carlos V - Reforma y Contrarreforma - Los turcos atacan Europa - La Edad del Absolutismo - Japón en la Edad Moderna - La formación de los Estados Unidos y de América Latina - El siglo XVIII en Europa - La Revolución Francesa y el Imperio de Napoleón - Australia y Nueva Zelanda | |
| 650 | 1 | 4 |
_aHistoria moderna- _xAtlas- _vCD-ROM _913422 |
| 852 |
_aES-MaACL _jROT 1/4/4 |
||
| 999 |
_c86310 _d86310 |
||